| 000 | 00661nam a2200253Ia 4500 | ||
|---|---|---|---|
| 008 | 160319s9999 xx 000 0 und d | ||
| 020 | _a9780545231541 | ||
| 050 | _aFic | ||
| 050 | _b.F853d 2008 | ||
| 100 | _aFreedman, Clair | ||
| 245 | _aDinosaurs love underpants / | ||
| 245 | _c Claire Freedman ; illustrated by Ben Cort. | ||
| 260 | _aNew York : | ||
| 260 | _bAladdin | ||
| 260 | _c2008 | ||
| 300 | _bcolor illustrations ; | ||
| 300 | _c29 cm. | ||
| 650 | _aDinosaurs -- | ||
| 650 | _aPrehistoric peoples -- | ||
| 650 | _aUnderwear -- | ||
| 650 | _xJuvenile fiction. | ||
| 650 | _xJuvenile fiction. | ||
| 650 | _xJuvenile fiction. | ||
| 999 |
_c292023 _d292023 |
||